Airport City Exact Location - Statistics

General Stats
  • This quiz has been taken 9 times
  • The average score is 15 of 20
Answer Stats
Airport/International Airport Location City Served % Correct
Brandenburg Schoenefeld Berlin
100%
Indira Gandhi Palam New Delhi
100%
Charles de Gaulle Roissy Paris
100%
Soekarno-Hatta Tangerang Jakarta
88%
Gatwick Airport Crawley London
88%
Incheon Incheon Seoul
88%
Imam Khomeini Vahnabad Tehran
88%
Chinggis Khaan Sergelen Ulaanbaatar
88%
Dulles Dulles Washington, D.C.
88%
Suvarnabhumi Samut Prakan Bangkok
75%
Guarulhos Guarulhos Sao Paulo
75%
Changi Changi Singapore
75%
Pearson Mississauga Toronto
75%
Malpensa Ferno Milan
63%
Sheremetyevo Khimki Moscow
63%
Ministro Pistarini Ezeiza Buenos Aires
50%
Mohammed V Nouasseur Casablanca
50%
O. R. Tambo Kempton Park Johannesburg
50%
Harry Reid Paradise Las Vegas
50%
Murtala Muhammed Ikeja Lagos
13%
No matching quizzes found
Score Distribution
Percent of People with Each Score
Percentile by Number Answered
Your Score History
You have not taken this quiz